<?xml version="1.0" encoding="UTF-8"?><?xml-stylesheet type="text/xsl" href="static/style.xsl"?><OAI-PMH xmlns="http://www.openarchives.org/OAI/2.0/" xmlns:xsi="http://www.w3.org/2001/XMLSchema-instance" xsi:schemaLocation="http://www.openarchives.org/OAI/2.0/ http://www.openarchives.org/OAI/2.0/OAI-PMH.xsd"><responseDate>2026-04-17T06:20:32Z</responseDate><request verb="GetRecord" identifier="oai:www.recercat.cat:10230/72119" metadataPrefix="marc">https://recercat.cat/oai/request</request><GetRecord><record><header><identifier>oai:recercat.cat:10230/72119</identifier><datestamp>2025-12-05T15:22:13Z</datestamp><setSpec>com_2072_6</setSpec><setSpec>col_2072_452952</setSpec></header><metadata><record xmlns="http://www.loc.gov/MARC21/slim" xmlns:dcterms="http://purl.org/dc/terms/" xmlns:xsi="http://www.w3.org/2001/XMLSchema-instance" xmlns:doc="http://www.lyncode.com/xoai" xsi:schemaLocation="http://www.loc.gov/MARC21/slim http://www.loc.gov/standards/marcxml/schema/MARC21slim.xsd">
   <leader>00925njm 22002777a 4500</leader>
   <datafield ind2=" " ind1=" " tag="042">
      <subfield code="a">dc</subfield>
   </datafield>
   <datafield ind2=" " ind1=" " tag="720">
      <subfield code="a">Merino, Jana</subfield>
      <subfield code="e">author</subfield>
   </datafield>
   <datafield ind2=" " ind1=" " tag="720">
      <subfield code="a">Planas, Adriana</subfield>
      <subfield code="e">author</subfield>
   </datafield>
   <datafield ind2=" " ind1=" " tag="720">
      <subfield code="a">Elosua Llanos, Roberto</subfield>
      <subfield code="e">author</subfield>
   </datafield>
   <datafield ind2=" " ind1=" " tag="720">
      <subfield code="a">Moner, Ana de</subfield>
      <subfield code="e">author</subfield>
   </datafield>
   <datafield ind2=" " ind1=" " tag="720">
      <subfield code="a">Gasol, Ana</subfield>
      <subfield code="e">author</subfield>
   </datafield>
   <datafield ind2=" " ind1=" " tag="720">
      <subfield code="a">Contreras, Carmen</subfield>
      <subfield code="e">author</subfield>
   </datafield>
   <datafield ind2=" " ind1=" " tag="720">
      <subfield code="a">Vidal-Barraquer, Francesc</subfield>
      <subfield code="e">author</subfield>
   </datafield>
   <datafield ind2=" " ind1=" " tag="720">
      <subfield code="a">Clará Velasco, Alberto</subfield>
      <subfield code="e">author</subfield>
   </datafield>
   <datafield ind2=" " ind1=" " tag="260">
      <subfield code="c">2025-12-03T15:44:10Z</subfield>
   </datafield>
   <datafield ind2=" " ind1=" " tag="260">
      <subfield code="c">2025-12-03T15:44:10Z</subfield>
   </datafield>
   <datafield ind2=" " ind1=" " tag="260">
      <subfield code="c">2010</subfield>
   </datafield>
   <datafield ind2=" " ind1=" " tag="260">
      <subfield code="c">2025-12-03T15:44:10Z</subfield>
   </datafield>
   <datafield ind2=" " ind1=" " tag="520">
      <subfield code="a">Objective: This study was designed to assess the incidence of peripheral arterial occlusive disease (PAOD) in a population-based cohort of men aged 55-74 years and to establish a predictive function based on risk factors for the disease. Methods: This was a prospective study of 699 men representative of an urban population. Cardiovascular risk factors, history of cardiovascular events, and ankle-brachial index (ABI) at baseline and at 5 years were measured. PAOD was defined as a confirmed ABI &lt;0.9. Results: A total of 468 (67%) subjects could be evaluated at 5 years. In the remaining 233 subjects, 94 had PAOD at baseline, 66 died during the study, and 73 were lost to follow-up. At the end of the 5-year study period, 56 (12%) subjects developed PAOD (21.4% ABI &lt;0.6, 78.6% ABI between 0.61 and 0.9). Independent predictors for PAOD were age older than 70 years at baseline (odds ratio [OR] 2.5, P = 0.004), smoking history more than 40 pack-year (OR = 2.27, P = 0.007), history of cerebrovascular disease (OR = 3.49, P = 0.02), and symptomatic coronary disease (OR = 3.36, P = 0.004). The 5-year incidence of PAOD was 22.4% for subjects older than 70 years, 21.5% for heavy smokers, 29.4% for those with previous cerebrovascular events, and 25% for subjects with ischemic heart disease. The risk for PAOD in subjects without risk factors was 6%. Conclusions: Twelve percent of adult men aged between aged 55 and 74 years developed PAOD during a follow-up of 5 years. Besides subjects with history of cardiovascular disease, men older than aged 70 years and heavy smokers constituted a high-risk group for PAOD and, therefore, the object of directed efforts of primary prevention.</subfield>
   </datafield>
   <datafield ind1="8" ind2=" " tag="024">
      <subfield code="a">http://hdl.handle.net/10230/72119</subfield>
   </datafield>
   <datafield tag="653" ind2=" " ind1=" ">
      <subfield code="a">Intermittent claudication</subfield>
   </datafield>
   <datafield tag="653" ind2=" " ind1=" ">
      <subfield code="a">Peripheral arterial occlusive disease</subfield>
   </datafield>
   <datafield tag="653" ind2=" " ind1=" ">
      <subfield code="a">Predictive function</subfield>
   </datafield>
   <datafield tag="653" ind2=" " ind1=" ">
      <subfield code="a">Vascular laboratory</subfield>
   </datafield>
   <datafield tag="653" ind2=" " ind1=" ">
      <subfield code="a">Factor subgroup</subfield>
   </datafield>
   <datafield ind2="0" ind1="0" tag="245">
      <subfield code="a">Incidence and risk factors of peripheral arterial occlusive disease in a prospective cohort of 700 adult elderly men followed for 5 years</subfield>
   </datafield>
</record></metadata></record></GetRecord></OAI-PMH>